000
00284nam a2200121Ia 4500
005
20251222144847.0
008
251222s9999||||xx |||||||||||||| ||spa||
020
_a
2-90586012-X
082
_a
759.449.12/S89
245
0
_a
Suite Baroque:
264
_b
Ville de Marseille
942
_c
LIB
999
_c
21468
_d
21468